| 000 | 00665nam a2200229 a 4500 | ||
|---|---|---|---|
| 005 | 20140310183332.0 | ||
| 008 | 060824s19uu xx 00 eng d | ||
| 020 | _a9781401871055 | ||
| 050 |
_aT 385 _b.M6325 2006 |
||
| 100 | _aMohler, James L. | ||
| 245 |
_aFlash 8 : _bgraphics, animation , and interactivity / _cJames L. Mohler. |
||
| 260 |
_aAustralia : _bThomson Delmar Learning, _c2006. |
||
| 300 |
_a575 p. : _bill. ; _c24 cm. |
||
| 521 | _aIT | ||
| 650 | _aFlash (Computer file). | ||
| 650 | _aComputer graphics. | ||
| 650 | _aComputer animation. | ||
| 650 |
_aWeb sites _xDesign. |
||
| 942 |
_cBK _2lcc _kFOR |
||
| 999 |
_c21596 _d21596 |
||